Ratite Species - Statistics

General Stats
  • This quiz has been taken 131 times
  • The average score is 7 of 13
Answer Stats
Order Family Genus Species Common name % Correct
Dromaius Novaehollandiae Emu
97%
Rheiformes Rheidae Rhea Americana Greater rhea
80%
Pennata Darwin's rhea
74%
Struthioniformes Struthionidae Struthio Camelus Common ostrich
72%
Casuarius Southern cassowary
70%
Unappendiculatus Northern cassowary
64%
Molybdophanes Somali ostrich
64%
Casuariiformes Casuariidae Casuarius Bennetti Dwarf cassowary
54%
Apterygiformes Apterigidae Apteryx Australis Southern brown kiwi
25%
Owenii Little spotted kiwi
23%
Rowi Okarito brown kiwi
22%
Mantelli North Island brown kiwi
19%
Haastii Great spotted kiwi
17%
No matching quizzes found
Score Distribution
Percent of People with Each Score
Percentile by Number Answered
Your Score History
You have not taken this quiz